| 000 | 01084nam a2200313 a 4500 | ||
|---|---|---|---|
| 003 | CHAP | ||
| 005 | 20220329143639.0 | ||
| 008 | 001115s2000 mx 00010 spa d | ||
| 010 | _a99797 | ||
| 011 | _a100769 | ||
| 035 | _a111455 | ||
| 040 | _cCHAP | ||
| 090 | _aCD - 216 | ||
| 110 | 0 |
_aPuebla. Gobierno del Estado _992891 |
|
| 245 | 1 | 0 |
_aAgua para el desarrollo [Disco compacto]: _bmás agua siempre para todos _c/por Gobierno del Estado de Puebla |
| 260 |
_aPuebla, Mex. : _bGobierno del Estado de Puebla, _c[2007] |
||
| 300 |
_a1 disco compacto ; _c4 3/4 plgs. |
||
| 590 |
_aBATCH-UPD _b10 _c20130110 _lUCH01 _h1828 |
||
| 590 |
_aBATCH-UPD _b10 _c20130410 _lUCH01 _h1201 |
||
| 590 |
_aCONVERSION _b10 _c20130109 _lUCH01 _h1355 |
||
| 650 | 0 | 4 |
_aAgua de lluvia _xAlmacenamiento. _92413 |
| 650 | 0 | 4 |
_aAgua _xAbastecimiento _xPuebla. _92259 |
| 650 | 0 | 4 |
_aAgua _xAprovechamiento _xPuebla. _92300 |
| 650 | 0 | 4 |
_aAgua _xUtilizacion _xPuebla. _92410 |
| 650 | 0 | 4 |
_aAguas residuales _xPurificacion. _92588 |
| 901 | _aBK | ||
| 942 | _cCD | ||
| 949 |
_aCD-216 _bBC _cCD _d33724002222736 _eCD _i111455 _sb |
||
| 999 |
_c99797 _d99797 |
||